ბათუმის შოთა რუსთაველის სახელმწიფო უნივერსიტეტის ბიბლიოთეკა

არხეიონი = Archeion : XVII (ბიბ.ჩანაწერი № 56922)

000 -ლიდერი
ფიქსირებული სიგრძის საკონტროლო ველი 01294nam a22002177a 4500
003 - საკონტროლო ნომრის იდენტიფიკატორი
საკონტროლო ველი Ge_BSU
005 - ბოლო ოპერაციის თარიღი და დრო
საკონტროლო ველი 20190620194701.0
008 - ფიქსირებული სიგრძის მონაცემთა ელემენტები - ზოგადი ინფორმაცია
ფიქსირებული სიგრძის საკონტროლო ველი 190620b2018 ge ||||| |||| 00| 0 geo d
020 ## - წიგნის საერთაშორისო სტანდარტული ნომერი
International Standard Book Number 22333541
041 ## - ენის კოდი
Language code of text/sound track or separate title geo
080 ## - უნივერსალური ათობითი კლასიფიკაციის ინდექსი
Universal Decimal Classification number 930.25(479.223) ა-86
245 ## - ცნობა სათაურის შესახებ
Title არხეიონი = Archeion : XVII
Remainder of title კრებული /
Statement of responsibility, etc სარედაქციო საბჭოს თავმჯ : მაია ივანიშვილი ; რედ : თამაზ ფუტკარაძე.
264 ## - წარმოების, გამოცემის, დისტრიბუციის და სხვა ცნობები
გამოცემის, წარმოების, დისტრიბუციის... ადგილი თბილისი :
გამოცემის, წარმოების, დისტრიბუციის... სახელწოდება უნივერსალი,
გამოცემის, წარმოების, დისტრიბუციის... თარიღი 2018.
300 ## - ფიზიკური აღწერა
Extent 112 გვ .:
Dimensions ილ ;
Other physical details 26 სმ.
653 ## - INDEX TERM--UNCONTROLLED
Uncontrolled term ისტორია
700 ## - ADDED ENTRY--PERSONAL NAME
Personal name ივანიშვილი, მაია
Relator term სარედაქციო საბჭოს თავმჯდომარე
9 (RLIN) 2694
700 ## - ADDED ENTRY--PERSONAL NAME
Personal name ფუტკარაძე, თამაზ
Relator term რედაქტორი
9 (RLIN) 56
710 ## - ADDED ENTRY--CORPORATE NAME
Corporate name or jurisdiction name as entry element აჭარის ავტონომური რესპუბლიკის განათლების, კულტურისა და სპორტის საქვეუწყებო დაწესებულება
9 (RLIN) 2695
710 ## - ADDED ENTRY--CORPORATE NAME
Corporate name or jurisdiction name as entry element - საარქივო სამმართველო
9 (RLIN) 2695
942 ## - ADDED ENTRY ELEMENTS (KOHA)
Source of classification or shelving scheme
Koha item type წიგნი
ეგზემპლარები
ჩამოწერის სტატუსი დაკარგული ეგზემპლარის სტატუსი კლასიფიკაციის წყარო ან თაროზე გაწყობის სქემა დაზიანების სტატუსი არ გაიცემა მუდმივი მდებარეობა (დაცვის ადგილი) ამჟამინდელი ადგილსამყოფელი თაროზე განთავსების ადგილი შეძენის თარიღი ღირებულება, შესყიდვის ნორმალური ფასი სრული შენახვის შიფრი შტრიხკოდი ბოლო ოპერაციის თარიღი ეგზემპლარის მიმდევრობითი ნომერი (კეტერი?) ფასის ძალაში შესვლის თარიღი ეგზემპლარის სახეობა საჯარო შენიშვნა
          ბათუმის შოთა რუსთაველის სახელმწიფო უნივერსიტეტის მთავარი ბიბლიოთეკა ბათუმის შოთა რუსთაველის სახელმწიფო უნივერსიტეტის მთავარი ბიბლიოთეკა წიგნსაცავი 2019-06-20 4.00 930.25(479.223) ა-86 59812 2019-06-20 59812 2019-06-20 წიგნი 4 ლ.
          ბათუმის შოთა რუსთაველის სახელმწიფო უნივერსიტეტის მთავარი ბიბლიოთეკა ბათუმის შოთა რუსთაველის სახელმწიფო უნივერსიტეტის მთავარი ბიბლიოთეკა წიგნსაცავი 2019-06-20 4.00 930.25(479.223) ა-86 59813 2019-06-20 59813 2019-06-20 წიგნი 4 ლ.
          ბათუმის შოთა რუსთაველის სახელმწიფო უნივერსიტეტის მთავარი ბიბლიოთეკა ბათუმის შოთა რუსთაველის სახელმწიფო უნივერსიტეტის მთავარი ბიბლიოთეკა წიგნსაცავი 2019-06-20 4.00 930.25(479.223) ა-86 59814 2019-06-20 59814 2019-06-20 წიგნი 4 ლ.
          ბათუმის შოთა რუსთაველის სახელმწიფო უნივერსიტეტის მთავარი ბიბლიოთეკა ბათუმის შოთა რუსთაველის სახელმწიფო უნივერსიტეტის მთავარი ბიბლიოთეკა წიგნსაცავი 2019-06-20 4.00 930.25(479.223) ა-86 59815 2019-06-20 59815 2019-06-20 წიგნი 4 ლ.